| Tag |
First Indicator |
Second Indicator |
Subfields |
| LEADER |
00000cam a2200000 a 4500 |
| 001 |
in00000945421 |
| 005 |
20150926130757.0 |
| 007 |
hd afv|||baca |
| 008 |
850412s1697 miu a 00010 eng d |
| 035 |
|
|
|a (OCoLC)11910381
|
| 035 |
|
|
|9 AET5909AM
|
| 037 |
|
|
|a CL0037000014
|b UMI
|
| 037 |
|
|
|b University Microfilms International, 300 N. Zeeb Rd., Ann Arbor, MI 48106
|
| 040 |
|
|
|a EAA
|c EAA
|d OCL
|d EAA
|d m/c
|d UtOrBLW
|
| 043 |
|
|
|a e-uk-en
|
| 049 |
|
|
|a TXAI
|
| 099 |
|
|
|a film
|a B
|a 3609
|
| 110 |
2 |
|
|a Royal College of Physicians of London.
|
| 245 |
1 |
2 |
|a A short account of the proceedings of the College of Physicians, London, in relation to the sick poor of the said city, and suburbs thereof, with the reasons which have induced the College to make medicines for them at the intrinsick value.
|
| 264 |
|
1 |
|a London :
|b [publisher not identified],
|c 1697.
|
| 300 |
|
|
|a 3 unnumbered pages, 16 pages
|
| 336 |
|
|
|a text
|b txt
|2 rdacontent
|
| 337 |
|
|
|a microform
|b h
|2 rdamedia
|
| 338 |
|
|
|a microfilm reel
|b hd
|2 rdacarrier
|
| 500 |
|
|
|a Reproduction of original in Huntington Library.
|
| 510 |
4 |
|
|a Wing
|c S3543
|
| 533 |
|
|
|a Microfilm.
|b Ann Arbor, Mich. :
|c University Microfilms,
|d 1974.
|e 1 microfilm reel ; 35 mm.
|f (Early English books, 1641-1700; 512:16)
|
| 500 |
|
|
|a Microform.
|
| 610 |
2 |
0 |
|a Royal College of Physicians of London.
|
| 830 |
|
0 |
|a Early English books, 1641-1700 ;
|v 512:16.
|
| 999 |
|
|
|a MARS
|
| 999 |
f |
f |
|s 7e03362d-9c0a-32d6-8935-b86e0bb628b6
|i a684e1e4-bd95-3951-afac-ec63591747ed
|t 0
|
| 952 |
f |
f |
|p default
|a Texas A&M University
|b College Station
|c Sterling C. Evans Library
|d Evans: Microforms (3rd floor)
|t 0
|e film B 3609 512:16
|h Other scheme
|i microform -- microfilm reel
|
| 998 |
f |
f |
|a film B 3609 512:16
|t 0
|l Evans: Microforms (3rd floor)
|